000 00627nam a2200181Ia 4500
008 090124s9999 xx 000 0 und d
082 _b14072
100 _aशेवते अरूण
245 _a कावळ्यांच्या कविता
250 _a0
260 _b"अजब पुस्तकालय, कोल्हापूर-2"
_c1981
300 _a68
600 _aशेवते अरूण
630 _a कावळ्यांच्या कविता
700 _aशेवते अरूण
730 _a कावळ्यांच्या कविता
942 _cBOOK
999 _c87807
_d87807